Případ kněze z Bojné : zločiny na Velké Moravě /
Uloženo v:
| Hlavní autor: | |
|---|---|
| Další autoři: | , |
| Médium: | Audiokniha |
| Jazyk: | Czech |
| Vydáno: |
[Praha] :
Tympanum, s.r.o.,
2025
|
| Témata: | |
| Celkem bylo vypůjčeno: | 0x |
| Tagy: |
Žádné tagy |
| LEADER | 02024nim a2200553 i 4500 | ||
|---|---|---|---|
| 001 | 106421 | ||
| 003 | CZ PrNK | ||
| 005 | 20260602073235.0 | ||
| 007 | sd fungnnmmned | ||
| 008 | 250710t20252025xr nnnng f n cze | ||
| 015 | |a cnb003695597 | ||
| 024 | 3 | |a 8595693412466 | |
| 040 | |a ABA001 |b cze |e rda | ||
| 072 | 7 | |a 821.162.3-3 |x Česká próza |2 Konspekt |9 25 | |
| 080 | |a 821.162.3-31 |2 MRF | ||
| 080 | |a (4-191.2) |2 MRF | ||
| 080 | |a (0:82-311.6) |2 MRF | ||
| 080 | |a (0:82-312.4) |2 MRF | ||
| 080 | |a (086.7)08 |2 MRF | ||
| 080 | |a (086.76) |2 MRF | ||
| 100 | 1 | |a Češka, Stanislav, |d 1955- |7 xx0122614 |4 aut |9 51971 | |
| 245 | 1 | 0 | |a Případ kněze z Bojné : |b zločiny na Velké Moravě / |c Stanislav Češka |
| 246 | 3 | 0 | |a Zločiny na Velké Moravě |
| 264 | 1 | |a [Praha] : |b Tympanum, s.r.o., |c 2025 | |
| 264 | 4 | |c ℗2025 | |
| 300 | |a 1 audiodisk (6 hod., 57 min.) ; |c 12 cm | ||
| 336 | |a mluvené slovo |b spw |2 rdacontent | ||
| 337 | |a audio |b s |2 rdamedia | ||
| 338 | |a audiodisk |b sd |2 rdacarrier | ||
| 500 | |a Název z disku | ||
| 500 | |a Podle stejnojmenné knihy vydané nakladatelstvím MOBA v roce 2015 | ||
| 651 | 7 | |a Velkomoravská říše |7 ge131256 |2 czenas |9 531 | |
| 651 | 9 | |a Great Moravia |2 eczenas | |
| 655 | 7 | |a české romány |7 fd133974 |2 czenas |9 54031 | |
| 655 | 7 | |a historické romány |7 fd132414 |2 czenas |9 53624 | |
| 655 | 7 | |a detektivní romány |7 fd132010 |2 czenas |9 53536 | |
| 655 | 7 | |a audioknihy |7 fd119452 |2 czenas |9 53385 | |
| 655 | 7 | |a kompaktní disky |7 fd201991 |2 czenas |9 54543 | |
| 655 | 9 | |a Czech fiction |2 eczenas | |
| 655 | 9 | |a historical novels |2 eczenas | |
| 655 | 9 | |a detective novels |2 eczenas | |
| 655 | 9 | |a audiobooks |2 eczenas | |
| 655 | 9 | |a compact discs |2 eczenas | |
| 700 | 1 | |a Kaloč, David, |d 1973- |7 xx0316841 |4 nrt |9 116032 | |
| 700 | 1 | |a Pochvalovský, Jiří, |d 1976- |7 xx0234596 |4 drt |9 110721 | |
| 910 | |a UOG502 | ||
| 942 | |2 ddc |c AK | ||
| 999 | |d 106421 | ||
| 993 | |0 0 |1 421180107135 |2 ddc |4 0 |7 0 |9 99842 |b 0 |c 107135 |d 2026-06-02 |e 0 |f DOSP |h 328.00 |i Koupě |l DOSP |r 2026-06-02 |t 6 |w 2026-06-02 |y AK |z AUDIO |n | ||